[Event "Charlotte CCCSA Winter IM"]
[Site "Charlotte"]
[Date "2019.01.21"]
[Round "9"]
[White "Karthik, Rangarajan"]
[Black "Kolay, Alex"]
[Result "1-0"]
[WhiteElo "2235"]
[BlackElo "2270"]
[PlyCount "99"]
[EventDate "2019.01.17"]
[EventType "tourn"]
[EventRounds "9"]
[EventCountry "USA"]
[EventCategory "2"]
[SourceTitle "CBM 188 Extra"]
[Source "ChessBase"]
[SourceDate "2019.02.28"]
[SourceVersion "1"]
[SourceVersionDate "2019.02.28"]
[SourceQuality "1"]

1. d4 d5 2. c4 c6 3. Nf3 Nf6 4. e3 g6 5. Nc3 Bg7 6. Be2 0-0 7. 0-0 dxc4 8. Bxc4 Bg4 9. Be2 Nbd7 10. h3 Bxf3 11. Bxf3 e5 12. dxe5 Nxe5 13. Be2 Qxd1 14. Rxd1 Rad8 15. Rxd8 Rxd8 16. e4 Ned7 17. Be3 Nb6 18. a4 Re8 19. Rd1 Bf8 20. a5 Nc8 21. a6 bxa6 22. Bxa6 Nb6 23. f3 Re7 24. Rd6 Re6 25. Rxe6 fxe6 26. Kf2 Kf7 27. Bb7 c5 28. Ba6 Nfd7 29. Bb5 Bg7 30. f4 e5 31. f5 Bf8 32. b3 Nf6 33. Kf3 Ne8 34. g4 Nc7 35. Bf1 Ke8 36. g5 Kf7 37. Nb5 Nxb5 38. Bxb5 Be7 39. h4 Bd6 40. Bc6 Kf8 41. Bb5 Kg7 42. Bd2 Kf8 43. Ke3 Ke7 44. Kd3 gxf5 45. exf5 Bc7 46. Ke4 Nc8 47. f6+ Kf8 48. Kd5 e4 49. Ba6 Nd6 50. Be3 1-0

[Event "Charlotte CCCSA Winter IM"]
[Site "Charlotte"]
[Date "2019.01.17"]
[Round "1"]
[White "Jacobson, Aaron"]
[Black "Karthik, Rangarajan"]
[Result "1-0"]
[WhiteElo "2286"]
[BlackElo "2235"]
[PlyCount "39"]
[EventDate "2019.01.17"]
[EventType "tourn"]
[EventRounds "9"]
[EventCountry "USA"]
[EventCategory "2"]
[SourceTitle "CBM 188 Extra"]
[Source "ChessBase"]
[SourceDate "2019.02.28"]
[SourceVersion "1"]
[SourceVersionDate "2019.02.28"]
[SourceQuality "1"]

1. e4 c5 2. Nf3 d6 3. d4 cxd4 4. Nxd4 Nf6 5. Nc3 a6 6. Bg5 e6 7. f4 b5 8. e5 dxe5 9. fxe5 Qc7 10. exf6 Qe5+ 11. Be2 Qxg5 12. Qd3 Qxf6 13. 0-0-0 Ra7 14. Qg3 Nd7 15. Nc6 Rb7 16. Ne4 Qh6+ 17. Kb1 e5 18. Qxe5+ Qe6 19. Nf6+ gxf6 20. Qxe6+ 1-0